Tratado de patología digestiva / (Record no. 34932)

MARC details
000 -LEADER
campo de control de longitud fija 00723nam a2200217 i 4500
001 - NÚMERO DE CONTROL
campo de control 34932
003 - IDENTIFICADOR DE NÚMERO DE CONTROL
campo de control ES-MaACL
005 - FECHA Y HORA DE LA ÚLTIMA TRANSACCIÓN
campo de control 20230906155025.0
007 - CAMPO FIJO DE DESCRIPCIÓN FÍSICA--INFORMACIÓN GENERAL
campo de control de longitud fija t|
008 - DATOS DE LONGITUD FIJA--INFORMACIÓN GENERAL
campo de control de longitud fija 030211s1945 ag |||| | spa d
100 1# - ENTRADA PRINCIPAL--NOMBRE DE PERSONA
Nombre de persona Bonorino Udaondo, Carlos.
9 (RLIN) 30296
245 10 - MENCIÓN DEL TÍTULO
Título Tratado de patología digestiva /
Mención de responsabilidad, etc. Carlos Bonorino Udaondo y Mariano R. Castex.
260 ## - PUBLICACIÓN, DISTRIBUCIÓN, ETC.
Lugar de publicación, distribución, etc. Buenos Aires :
Nombre del editor, distribuidor, etc. Aniceto López,
Fecha de publicación, distribución, etc. 1945.
300 ## - DESCRIPCIÓN FÍSICA
Extensión 2 v. :
Otras características físicas il. ;
Dimensiones 27 cm.
505 8# - NOTA DE CONTENIDO CON FORMATO
Nota de contenido con formato Contiene: I: Patología gástrica - II: Patología intestinal
650 04 - PUNTO DE ACCESO ADICIONAL DE MATERIA--TÉRMINO DE MATERIA
Término de materia o nombre geográfico como elemento de entrada Aparato digestivo-
Subdivisión general Enfermedades.
9 (RLIN) 9906
700 1# - ENTRADA AGREGADA--NOMBRE PERSONAL
Nombre de persona Castex, Mariano R.
9 (RLIN) 36625
740 02 - ENTRADA AGREGADA--TÍTULO RELACIONADO/ANALÍTICO NO CONTROLADO
Título relacionado o analítico no controlado Patología gástrica.
740 02 - ENTRADA AGREGADA--TÍTULO RELACIONADO/ANALÍTICO NO CONTROLADO
Título relacionado o analítico no controlado Patología intestinal.
852 ## - LOCALIZACIÓN
Ubicación ES-MaACL
Número de control de estantería B-428-29
Holdings
Estatus retirado Estado de pérdida Estado de daño No para préstamo Biblioteca de origen Biblioteca actual Ubicación en estantería Fecha de adquisición Fuente de adquisición Total de préstamos Signatura topográfica completa Código de barras Visto por última vez Precio de reemplazo Tipo de ítem Koha
        Biblioteca del Ateneo de Madrid Biblioteca del Ateneo de Madrid Sala Pardo Bazán 17/01/2008     B-428-29 1036486 23/02/2023 23/02/2023 Libro impreso